Prueba de Irlanda - Estadísticas

Estadísticas generales
  • Esta prueba ha sido intentada 2.678 veces
  • La puntuación promedio es 9 de 21
Estadísticas de respuestas
Pregunta Respuesta % Correcto
Capital Dublin
100%
Planta que simboliza a Irlanda Trébol
81%
El santo que supuestamente convirtió a los irlandeses al cristianismo San Patricio
76%
La mayor aerolínea, famosa por sus bajos precios y su terrible servicio Ryanair
62%
La cerveza irlandesa más vendida Guinness
61%
Nombre de Irlanda en irlandés Éire
58%
Instrumento musical en el escudo de armas Arpa
54%
La segunda ciudad más poblada Cork
54%
Cultivo que falló: 1845-1852 Papas
51%
La banda de rock irlandesa más vendida U2
49%
Sacerdote en la antigua religión celta Druida
37%
Apodo de Irlanda Isla {Esmeralda}
34%
... y también libró a la isla de estos animales Serpientes
32%
Escritor de "Ulises" James Joyce
29%
El colegio más antiguo, fundado en 1592 {Trinity} College
29%
Ciudad irlandesa, o un tipo de poema Limerick
23%
El whisky irlandés más vendido Jameson
16%
Mujer llorona de la mitología irlandesa Banshee
14%
El río más largo Shannon
12%
Piedra que los turistas besan Piedra de la elocuencia
10%
La ciudad donde se hizo el famoso cristal Waterford
9%
No se encontraron pruebas coincidentes
Distribución de puntuación
Porcentaje de gente con cada puntuación
Porcentaje por número respondido
Historial de tus puntuaciones
No has intentado esta prueba.